| 000 | 01411cam a22004217a 4500 | ||
|---|---|---|---|
| 001 | 2525 | ||
| 005 | 20231213154231.0 | ||
| 020 | _a9780439888066 (pbk.) | ||
| 020 | _a0439888069 (pbk.) | ||
| 020 | _a9781428714793 (BWI bdg.) | ||
| 020 | _a9780439888066 | ||
| 020 | _a1428714790 (BWI bdg.) | ||
| 040 |
_aBKX _cBKX _dBAKER _dBTCTA _dVP@ _dDLC _beng |
||
| 050 | 0 | 0 |
_aPZ7.L3274 _bGo 2007 |
| 082 | 0 | 4 |
_a813.54 _222 |
| 100 | 1 | _aLasky, Kathryn | |
| 245 | 1 | 4 |
_aThe golden tree / _cby Kathryn Lasky |
| 250 | _aFirst printing, March 2007 | ||
| 260 |
_aNew York : _bScholastic, _c2007 |
||
| 300 |
_a192 pages : _billustrations ; map ; _c20 cm |
||
| 490 |
_aGuardians of Ga'hoole _vbook 12 |
||
| 505 | _aP | ||
| 520 | _aThe golden age which is expected from the Great Ga'Hoole Tree turns gradually worse as the owls' young king hunts for the truth about his ancestry. | ||
| 521 | 0 |
_a750 _bLexile estimate |
|
| 521 | 1 |
_aP _bRaz-Plus |
|
| 650 | 0 |
_aOwls _vJuvenile fiction. |
|
| 650 | 0 |
_aTrees _vJuvenile fiction. |
|
| 650 | 0 |
_aKings and rulers _vJuvenile fiction. |
|
| 650 | 0 |
_aGood and evil _vJuvenile fiction. |
|
| 650 | 1 |
_aOwls _vFiction. |
|
| 650 | 1 |
_aTrees _vFiction. |
|
| 650 | 1 |
_aKings, queens, rulers, etc. _vFiction. |
|
| 650 | 1 |
_aGood and evil _vFiction. |
|
| 650 | 1 | _aFantasy. | |
| 655 | 7 |
_aFantasy fiction. _2gsafd |
|
| 906 |
_a7 _bcbc _ccopycat _d2 _encip _f20 _gy-gencatlg |
||
| 942 |
_2ddc _cBK _n0 |
||
| 999 |
_c2525 _d2525 |
||